00482nam a2200157Ia 4500003000400000005001700004008004100021020001900062040002700081100002000108245003700128260001700165942001200182999001300194952011700207OSt20240219160700.0170523s9999 xx 000 0 und d a978-0070187757 ciimt university meerut aMURPHY- HILDEBR 0aEFFECTIVE BUSINESS COMMUNICATION bMC GRAW HILL 2ddcc02 c511d511 00102ddc4070a01b01d2017-05-31fDept. MBAp01-B-1686r2017-05-31uBusiness Communicationw2017-05-31y02z